Haydar Aliyev büyük devlet adamı (Record no. 2175)

MARC details
000 -BAŞLIK
Sabit Uzunlukta Kontrol Alanı 00705na a2200217 4500
001 - KONTROL NUMARASI
Denetim Alanı 15047
003 - KONTROL NUMARASI IDENTIFIER
Denetim Alanı MIRAKIL
005 - SON İŞLEM TARİHİ VE ZAMANI
Denetim Alanı 20181213154848.0
008 - SABİT-BOY VERİ ELEMANLARI - GENEL BİLGİLER
Sabit Uzunlukta Kontrol Alanı 161028b tu 000 0
035 ## - SİSTEM KONTROL NUMARASI
Sistem Kontrol Numarası 15047
040 ## - KATALOGLAMA KAYNAK
Orijinal Kataloglama Ajansı Milas
Kataloglama Dili tur
Metne Dönüştürmek Ajansı TR-AnCHP
041 ## - DİL KODU
Metin / Ses Parça Veya Ayrı Başlığın Dil Kodu tur
082 ## - DEWEY ONLU SINIFLANDIRMA NUMARASI
Sınıflandırma Numarası 923.1 Aliyev,H.
Ürün Numarası H29 [t.y.]
090 ## - SINIFLAMA NUMARASI
Sınıflama Numarası 923.1 Aliyev,H. H29 [t.y]
245 ## - BAŞLIK TABLOSU
Başlık Haydar Aliyev büyük devlet adamı
Sorumluluk Tablosu, Vb Türkiye Azerbaycan Dostluk, İşbirliği ve Dayanışma Vakfı
260 ## - YAYIN, DAĞITIM, VB
Yayın, Dağıtım, Vb Yeri [Ankara]
Yayıncı, Dağıtıcı, Vs Adı [Türkiye Azerbaycan Dostluk İşbirliği ve Dayanışma Vakfı]
Yayın, Dağıtım, Vb Tarihi [t.y.]
300 ## - FİZİKSEL TANIM
Kapsam 178 s.
Diğer Fiziksel Ayrıntıları fotg.
Boyutlar 32 sm.
600 ## - KONU KATMA GİRİŞ - KURUMSAL ADI
Kişisel Ad Aliyev, Haydar
Bir Adıyla İlişkilendirilen Tarihler 1923-2003
650 ## - KONU KATMA GİRİŞ - TOPİKAL DÖNEM
Topikal Süreli Veya Coğrafi Ad Giriş Elemanı Devlet adamları
Coğrafi Alt Bölümü Azerbaycan
942 ## - EKLENDİ GİRİŞ ELEMANLARI (KOHA)
Sınıflandırma Veya Raf Düzeni Kaynak Dewey Decimal Classification
Koha Öğesi Türü Books
999 ## - SİSTEM KONTROL NUMARALARI (KOHA)
Koha Biblionumber 2175
Koha Biblioitemnumber 2175
Holdings
Kalıcı Konum Mevcut Konum Edinme Tarihi Edinim Kaynak Toplam Check-Out'Lar Tam Çağrı Numarası Barkod Tarih Son Görülme İtibaren Geçerli Fiyatlar Koha Öğesi Türü
CHP Kütüphanesi CHP Kütüphanesi 09/03/2016 Bağış   923.1 Aliyev,H. H29 [t.y] 002781 09/03/2016 09/03/2016 Books